INTRODUCCION A LA CIENCIA POLITICA (Registro nro. 54157)
[ vista simple ]
| 000 -LEADER | |
|---|---|
| fixed length control field | 00743nam a2200205 a 4500 |
| 001 - CONTROL NUMBER | |
| control field | 54157 |
| 005 - DATE AND TIME OF LATEST TRANSACTION | |
| control field | 20180714044822.0 |
| 008 - FIXED-LENGTH DATA ELEMENTS--GENERAL INFORMATION | |
| fixed length control field | 140415s2009 mx 000 0 spa d |
| 020 ## - INTERNATIONAL STANDARD BOOK NUMBER | |
| International Standard Book Number | 9789706138002 |
| 041 ## - LANGUAGE CODE | |
| Language code of text/sound track or separate title | spa |
| 082 ## - DEWEY DECIMAL CLASSIFICATION NUMBER | |
| Classification number | 320 |
| Item number | AND |
| 100 1# - MAIN ENTRY--PERSONAL NAME | |
| Personal name | ANDRADE SANCHEZ, EDUARDO |
| 245 10 - TITLE STATEMENT | |
| Title | INTRODUCCION A LA CIENCIA POLITICA |
| 250 ## - EDITION STATEMENT | |
| Edition statement | 3a ed. |
| 260 ## - PUBLICATION, DISTRIBUTION, ETC. | |
| Place of publication, distribution, etc. | MEXICO : |
| Name of publisher, distributor, etc. | OXFORD UNIVERSITY PRESS, |
| Date of publication, distribution, etc. | 2009 |
| 300 ## - PHYSICAL DESCRIPTION | |
| Extent | 269 |
| Dimensions | 17 x 1.5 x 23 |
| 490 ## - SERIES STATEMENT | |
| Series statement | TEXTOS JURIDICOS UNIVERISTARIOS |
| 520 ## - SUMMARY, ETC. | |
| Summary, etc. | DESPUES DE 15 AÑOS, J, EDUARDO ANDRADE SANCHEZ OFRECE A LOS LECTORES ESTA TERCERA EDICION DE INTRODUCCION A LA CIENCIA POLITICA EN LA QUE DESARROLLA TEMAS ALGIDOS Y POLEMICOS COMO SON: |
| 650 14 - SUBJECT ADDED ENTRY--TOPICAL TERM | |
| Topical term or geographic name entry element | CIENCIAS POLITICAS |
| Withdrawn status | Lost status | Source of classification or shelving scheme | Damaged status | Not for loan | Collection code | Home library | Current library | Shelving location | Date acquired | Source of acquisition | Total Checkouts | Full call number | Barcode | Date last seen | Date last checked out | Price effective from | Koha item type | Inventory number | Total Renewals |
|---|---|---|---|---|---|---|---|---|---|---|---|---|---|---|---|---|---|---|---|
| Dewey Decimal Classification | General | Biblioteca Karol Wojtyla | Biblioteca Karol Wojtyla | Sala general | 03/12/2013 | Compra | 1 | 320 AND | 80598 | 05/01/2026 | 12/01/2023 | 03/12/2013 | Libro | 151000000000000000052733 | 1 | ||||
| Dewey Decimal Classification | General | Biblioteca Karol Wojtyla | Biblioteca Karol Wojtyla | Sala general | 03/12/2013 | Compra | 2 | 320 AND | 80599 | 05/01/2026 | 23/01/2020 | 03/12/2013 | Libro | 151000000000000000052732 | |||||
| Dewey Decimal Classification | General | Biblioteca Karol Wojtyla | Biblioteca Karol Wojtyla | Sala general | 03/12/2013 | Compra | 320 AND | 80597 | 05/01/2026 | 05/09/2017 | 03/12/2013 | Libro | 151000000000000000052742 | ||||||
| Dewey Decimal Classification | General | Tehuacán | Tehuacán | Sala general | 03/12/2013 | Compra | 320.01 AND | 505692 | 07/01/2016 | 07/01/2016 | 03/12/2013 | Libro | |||||||
| Dewey Decimal Classification | General | Tehuacán | Tehuacán | Sala general | 03/12/2013 | Compra | 320.01 AND | 505691 | 03/12/2013 | Libro |